| 000 | 00834 a2200253 4500 | ||
|---|---|---|---|
| 003 | Nust | ||
| 005 | 20221027104517.0 | ||
| 020 | _a0-471-55221-6 (International ed.) | ||
| 020 | _a997151172X | ||
| 040 | _cNust | ||
| 082 | _a621.3,SMI | ||
| 100 | 1 |
_aSmith, Ralph Judson _9101469 |
|
| 245 | 0 | 0 |
_aCircuits, devices and systems : _ba first course in electrical engineering / _cRalph J. Smith, Richard C. Dorf |
| 250 | _a5th. ed. | ||
| 260 |
_aNew York : _bWiley, _ccop. 1992 |
||
| 300 |
_axi, 868 p : _bill. |
||
| 505 | _a Part 1:- Circuits (Page-1), Part 2:- Electronics (Page-304), Part 3:- Electromechanics (Page-658), | ||
| 650 | 0 |
_aElectric engineering _941136 |
|
| 650 | 0 | _aElectrical engineering | |
| 650 | 0 |
_aElektroteknik _9101470 |
|
| 650 | 0 |
_aElektroteknik _9101470 |
|
| 700 | 1 | _aDorf, Richard C. | |
| 942 |
_2ddc _cBK |
||
| 999 |
_c188551 _d188551 |
||